Online
Catalog

Lo que podría hacer la monarquía / (Record no. 13962)

MARC details
000 -CABECERA
campo de control de longitud fija 00757cam a2200229 a 4500
001 - NÚMERO DE CONTROL
campo de control 000014370
005 - FECHA Y HORA DE LA ÚLTIMA TRANSACCIÓN
campo de control 20200929163607.0
008 - DATOS DE LONGITUD FIJA--INFORMACIÓN GENERAL
campo de control de longitud fija 831209s1976 sp 001 0 spa
040 ## - FUENTE DE LA CATALOGACIÓN
Centro catalogador/agencia de origen DO-SdBNP
Lengua de catalogación spa
Centro/agencia transcriptor CarP
Centro/agencia modificador DLC
-- BNPHU
082 ## - NÚMERO DE LA CLASIFICACIÓN DECIMAL DEWEY
Número de clasificación 321.6
Número de documento/Ítem B473q
049 ## - FONDOS LOCALES (OCLC)
Fondos de biblioteca BNGR
100 1# - ENTRADA PRINCIPAL--NOMBRE DE PERSONA
Nombre de persona Benoist, Charles,
Fechas asociadas al nombre 1861-1936.
9 (RLIN) 32447
245 10 - MENCIÓN DE TÍTULO
Título Lo que podría hacer la monarquía /
Mención de responsabilidad, etc. Charles Benoist.
260 ## - PUBLICACIÓN, DISTRIBUCIÓN, ETC.
Lugar de publicación, distribución, etc. Madrid, España :
Nombre del editor, distribuidor, etc. Editorial Doncel,
Fecha de publicación, distribución, etc. 1976.
300 ## - DESCRIPCIÓN FÍSICA
Extensión 124 p. ;
Dimensiones 19 cm.
490 1# - MENCIÓN DE SERIE
Mención de serie El libro de bolsillo doncel
Designación de volumen o secuencia 90
650 #4 - PUNTO DE ACCESO ADICIONAL DE MATERIA--TÉRMINO DE MATERIA
Término de materia o nombre geográfico como elemento de entrada Monarquía
9 (RLIN) 32448
651 #4 - PUNTO DE ACCESO ADICIONAL DE MATERIA--NOMBRE GEOGRÁFICO
Nombre geográfico Francia
Subdivisión general Política Y Gobierno
9 (RLIN) 32449
650 #4 - PUNTO DE ACCESO ADICIONAL DE MATERIA--TÉRMINO DE MATERIA
Término de materia o nombre geográfico como elemento de entrada Monarquía francesa
Subdivisión general Historia
9 (RLIN) 32450
830 #0 - PUNTO DE ACCESO ADICIONAL DE SERIE-TÍTULO UNIFORME
Título uniforme El Libro de bolsillo doncel ;
Designación de volumen o secuencia 90
9 (RLIN) 8628
910 ## - DATOS DE OPCIÓN DEL USUARIO (OCLC)
Datos de opción del usuario Catalogación derivada
Holdings
Estado de retiro Estado de pérdida Restricciones de uso No para préstamo Código de colección Localización permanente Ubicación/localización actual Ubicación en estantería Fecha de adquisición Número de inventario Total de préstamos Signatura topográfica completa Código de barras Fecha visto por última vez Precio válido a partir de Tipo de ítem Koha Número de copia
    Préstamo interno   Monografías: Libros y Folletos General General En catalogación 10.12.2009 LF1   321.6 B473q 14370-10 25.06.2020 25.06.2020 Préstamo interno  
    Préstamo restringido Préstamo restrigido Monografías: Libros y Folletos General General En catalogación 12.01.2011 LF1   321.6 B473q 14370-20 25.06.2020 25.06.2020 Préstamo interno e. 2
    Préstamo interno   Monografías: Libros y Folletos General General En catalogación 12.01.2011 LF1   321.6 B473q 14370-30 25.06.2020 25.06.2020 Préstamo interno e. 3

Powered by Koha